| 000 | 00000nam##2200000za#4500 |
| 001 | 9.643943 |
| 003 | CaOODSP |
| 005 | 20220107115122 |
| 007 | cr ||||||||||| |
| 008 | 150407|2014||||xxc|||||o f|0| 0 fre|d |
| 020 | |a978-0-660-22863-1 |
| 040 | |aCaOODSP|bfre |
| 043 | |an-cn--- |
| 086 | 1 |aHP40-1/2-2014F-PDF |
| 110 | 2 |aCentre de la lutte contre les maladies transmissibles et les infections (Canada) |
| 245 | 10|aLignes directrices canadiennes sur les infections transmissibles sexuellement. Infections au virus du papillome humain (VPH) / |h[ressource électronique]|cauteurs principaux : Marc Steben, Margaret Gale-Rowe. |
| 250 | |aRévisé : décembre 2014 |
| 260 | |aOttawa - Ontario : |bAgence de santé publique du Canada. |cc2014. |
| 300 | |a41p.|bréférences, tableaux |
| 590 | |a15-13|b2015-03-27 |
| 691 | 07|aMaladie transmise sexuellement|2gcpds |
| 775 | 08|tCanadian guidelines on sexually transmitted infections. Human Papillomavirus (HPV) infections chapter / |w(CaOODSP)9.700028 |
| 856 | 40|ahttp://publications.gc.ca|qPDF|s911 Ko|uhttps://publications.gc.ca/collections/collection_2015/aspc-phac/HP40-1-2-2014-fra.pdf |
| 986 | |aPub. : 140316 |